| 000 | 00365nam a22001457a 4500 | ||
|---|---|---|---|
| 999 |
_c193336 _d193336 |
||
| 008 | 221025b ||||| |||| 00| 0 eng d | ||
| 082 | _aS-MIT | ||
| 100 | _aMITRA,ANKUR | ||
| 245 |
_aRACE TO WIN _hENGHLISH |
||
| 260 |
_aNEW DELHI _bA.I.C.B _cROHINI |
||
| 270 | _aA.I.C.B ,ROHINI NEW DELHI | ||
| 300 |
_a. _b. _c12X13 |
||
| 490 | _v1 | ||
| 942 |
_2ddc _cBRLEN _kS _mMIT |
||